000 00587cam a2200241 4500
001 4559342
005 20180212032034.0
008 730316t19741972nyu b 001 0 eng
010 _a 73004512
020 _a0394719530
040 _aDLC
_cDLC
_dDLC
041 _aeng
043 _an-us---
080 _a301.2 HYM
082 0 0 _a301.2 HYM
100 1 _a24
101 _aANT
245 1 0 _aReinventing anthropology,
_cedited by Dell Hymes.
350 _a$2.95
504 _aIncludes bibliographies.
906 _a7
_bcbc
_corignew
_d1
_eocip
_f19
_gy-gencatlg
942 _2ddc
_cBK
999 _c42278
_d42278